[Event "Belt and Road Shaoxing 6th"]
[Site "Shaoxing"]
[Date "2024.07.27"]
[Round "4"]
[White "Yan, Tianqi"]
[Black "Stefanova, Antoaneta"]
[Result "0-1"]
[WhiteElo "2306"]
[BlackElo "2413"]
[PlyCount "66"]
[EventDate "2024.07.24"]
[EventType "swiss"]
[EventRounds "9"]
[EventCountry "CHN"]
[SourceTitle "CBM 221 Extra"]
[Source "ChessBase"]
[SourceDate "2024.09.30"]
[SourceVersion "1"]
[SourceVersionDate "2024.09.30"]
[SourceQuality "1"]

1. e4 e5 2. Nf3 Nc6 3. Bb5 a6 4. Ba4 d6 5. 0-0 Bd7 6. c4 g5 7. d4 g4 8. d5 gxf3 9. dxc6 bxc6 10. Qxf3 Qh4 11. Nc3 Nf6 12. Qg3 Qxg3 13. hxg3 Rg8 14. Rd1 h5 15. b4 Rg4 16. Re1 Be7 17. Rb1 Kf8 18. b5 axb5 19. cxb5 Nxe4 20. Nxe4 Rxa4 21. f3 Rg6 22. bxc6 Bxc6 23. Rb8+ Kg7 24. Rc8 d5 25. Nc3 Rc4 26. Bd2 Bd6 27. a4 Rxg3 28. a5 Bb4 29. Nb1 Bc5+ 30. Be3 Bxe3+ 31. Rxe3 Rc2 32. Rxc7 Rgxg2+ 33. Kh1 Rh2+ 0-1

[Event "Belt and Road Shanxi 5th"]
[Site "Xian"]
[Date "2024.07.22"]
[Round "9"]
[White "Stefanova, Antoaneta"]
[Black "Ju, Wenjun"]
[Result "1-0"]
[WhiteElo "2384"]
[BlackElo "2550"]
[PlyCount "67"]
[EventDate "2024.07.17"]
[EventType "swiss"]
[EventRounds "9"]
[EventCountry "CHN"]
[SourceTitle "CBM 221 Extra"]
[Source "ChessBase"]
[SourceDate "2024.09.30"]
[SourceVersion "1"]
[SourceVersionDate "2024.09.30"]
[SourceQuality "1"]

1. Nf3 Nf6 2. g3 d5 3. Bg2 e6 4. 0-0 c5 5. d4 cxd4 6. Nxd4 e5 7. Nb3 Be6 8. Bg5 Nbd7 9. f4 h6 10. Bxf6 Nxf6 11. fxe5 Qb6+ 12. Kh1 Ng4 13. Nc3 Nf2+ 14. Rxf2 Qxf2 15. Nxd5 0-0-0 16. c4 h5 17. Qd2 h4 18. Rf1 Bxd5 19. Rxf2 Bxg2+ 20. Kxg2 Rxd2 21. Nxd2 Bb4 22. Ne4 h3+ 23. Kf3 Rh5 24. Ke3 Rxe5 25. Rxf7 g5 26. Kd4 Re6 27. a3 Ba5 28. Kd5 Rg6 29. Nd6+ Kb8 30. Rxb7+ Ka8 31. Rh7 a6 32. Rxh3 Bc7 33. Rh8+ Ka7 34. c5 1-0

[Event "Rhodes Summer Cup"]
[Site "Rhodes"]
[Date "2024.06.30"]
[Round "9"]
[White "Stefanova, Antoaneta"]
[Black "Witczak, Borys"]
[Result "1-0"]
[WhiteElo "2417"]
[BlackElo "1937"]
[PlyCount "57"]
[EventDate "2024.06.22"]
[EventType "swiss"]
[EventRounds "9"]
[EventCountry "GRE"]
[SourceTitle "CBM 220 Extra"]
[Source "ChessBase"]
[SourceDate "2024.07.31"]
[SourceVersion "1"]
[SourceVersionDate "2024.07.31"]
[SourceQuality "1"]

1. d4 Nf6 2. c4 e6 3. Nf3 Bb4+ 4. Nbd2 b6 5. a3 Bxd2+ 6. Qxd2 Bb7 7. b4 a5 8. b5 0-0 9. Bb2 d6 10. e3 Nbd7 11. Bd3 Ne4 12. Qc2 f5 13. 0-0 g5 14. Ne1 g4 15. f3 g3 16. fxe4 fxe4 17. Rxf8+ Qxf8 18. hxg3 exd3 19. Nxd3 Be4 20. Qe2 Qf5 21. Nf4 Nf6 22. Rf1 Kg7 23. d5 Kg8 24. Nxe6 Qh5 25. Qf2 Rf8 26. Bxf6 Rf7 27. Ng5 Bd3 28. Nxf7 Bxf1 29. Qxf1 1-0

[Event "Rhodes Summer Cup"]
[Site "Rhodes"]
[Date "2024.06.25"]
[Round "4"]
[White "Nasuta, Grzegorz"]
[Black "Stefanova, Antoaneta"]
[Result "1/2-1/2"]
[WhiteElo "2541"]
[BlackElo "2417"]
[PlyCount "44"]
[EventDate "2024.06.22"]
[EventType "swiss"]
[EventRounds "9"]
[EventCountry "GRE"]
[SourceTitle "CBM 220 Extra"]
[Source "ChessBase"]
[SourceDate "2024.07.31"]
[SourceVersion "1"]
[SourceVersionDate "2024.07.31"]
[SourceQuality "1"]

1. e4 e5 2. Nf3 Nc6 3. d4 exd4 4. Nxd4 Qf6 5. Nb5 Bc5 6. Qe2 Bb6 7. N1c3 Nge7 8. Be3 Ba5 9. 0-0-0 a6 10. Nd4 Bxc3 11. bxc3 b5 12. Qd2 Ne5 13. f4 Nc4 14. Bxc4 bxc4 15. Nf3 0-0 16. Qd4 Qxd4 17. Rxd4 d5 18. exd5 Nf5 19. Re4 Nd6 20. Re7 Nf5 21. Re4 Nd6 22. Re7 Nf5 1/2-1/2

[Event "Rhodes Summer Cup"]
[Site "Rhodes"]
[Date "2024.06.22"]
[Round "1"]
[White "Stefanova, Antoaneta"]
[Black "Perrakis, Polychronis"]
[Result "1-0"]
[WhiteElo "2417"]
[BlackElo "1754"]
[PlyCount "119"]
[EventDate "2024.06.22"]
[EventType "swiss"]
[EventRounds "9"]
[EventCountry "GRE"]
[SourceTitle "CBM 220 Extra"]
[Source "ChessBase"]
[SourceDate "2024.07.31"]
[SourceVersion "1"]
[SourceVersionDate "2024.07.31"]
[SourceQuality "1"]

1. d4 d5 2. Bf4 Nf6 3. e3 c5 4. c3 Nc6 5. Nd2 Bf5 6. Qb3 Qb6 7. dxc5 Qxb3 8. Nxb3 e5 9. Bg3 Ne4 10. 0-0-0 Be6 11. Bb5 f6 12. f4 exf4 13. exf4 Kf7 14. Bd3 Bxc5 15. Nxc5 Nxc5 16. Bc2 Rad8 17. Nf3 g6 18. h3 Ne4 19. Bh4 Rd7 20. Rhe1 Nd6 21. g4 Re8 22. g5 Bxh3 23. gxf6 Rxe1 24. Ng5+ Kf8 25. Bxe1 Bg2 26. Rd2 Bh1 27. Rh2 Be4 28. Nxh7+ Kf7 29. Bb3 Ne8 30. Ng5+ Kxf6 31. Rh8 Nd6 32. Bh4 Kf5 33. Rf8+ Kg4 34. Be1 Bf3 35. Nxf3 Kxf3 36. Bxd5+ Ke2 37. Bd2 Nf5 38. Bc4+ Kf3 39. Rf6 Nce7 40. Re6 a6 41. a4 Rd6 42. Re1 Nd5 43. Be2+ Kf2 44. Bd3 Ng3 45. Kc2 Kf3 46. a5 Nxf4 47. Bxf4 Kxf4 48. Re7 Nf5 49. Bxf5 gxf5 50. Rxb7 Kf3 51. Rb6 Rd7 52. Rxa6 f4 53. Rf6 Ke3 54. Re6+ Kf2 55. b4 f3 56. b5 Rf7 57. b6 Kg2 58. Re1 f2 59. Re2 Kg3 60. Rxf2 1-0

[Event "BL 2324 (Women)"]
[Site "Germany"]
[Date "2024.06.08"]
[Round "10.4"]
[White "Valkova, Angelika"]
[Black "Stefanova, Antoaneta"]
[Result "0-1"]
[WhiteElo "2004"]
[BlackElo "2449"]
[PlyCount "58"]
[EventDate "2023.10.14"]
[EventType "team-tourn"]
[EventRounds "11"]
[EventCountry "GER"]
[SourceTitle "CBM 220 Extra"]
[Source "ChessBase"]
[SourceDate "2024.07.31"]
[SourceVersion "1"]
[SourceVersionDate "2024.07.31"]
[SourceQuality "1"]
[WhiteTeam "Deizisau (W)"]
[BlackTeam "Baden-Baden (W)"]
[WhiteTeamCountry "GER"]
[BlackTeamCountry "GER"]

1. d4 Nf6 2. c4 g6 3. Nc3 d5 4. Bf4 Bg7 5. Nf3 0-0 6. Rc1 dxc4 7. e4 c5 8. dxc5 Qa5 9. Nd2 Na6 10. Nxc4 Qxc5 11. Be3 Qc6 12. f3 b6 13. e5 Ne8 14. Nd5 Qb7 15. Be2 Bf5 16. f4 Rd8 17. Bf3 Kh8 18. Qa4 Rxd5 19. Bxd5 Qxd5 20. Qxa6 Qxg2 21. Rf1 Bd3 22. Rf2 Qe4 23. Kd2 Nc7 24. Qxa7 Bxc4 25. Qxc7 Qd3+ 26. Ke1 Qxe3+ 27. Kd1 Qxf2 28. Rxc4 Qxb2 29. Qxe7 Qb1+ 0-1

[Event "BL 2324 (Women)"]
[Site "Germany"]
[Date "2024.06.07"]
[Round "9.4"]
[White "Scheynin, Julia"]
[Black "Stefanova, Antoaneta"]
[Result "0-1"]
[WhiteElo "1915"]
[BlackElo "2449"]
[PlyCount "60"]
[EventDate "2023.10.14"]
[EventType "team-tourn"]
[EventRounds "11"]
[EventCountry "GER"]
[SourceTitle "CBM 220 Extra"]
[Source "ChessBase"]
[SourceDate "2024.07.31"]
[SourceVersion "1"]
[SourceVersionDate "2024.07.31"]
[SourceQuality "1"]
[WhiteTeam "Karlsruhe (W)"]
[BlackTeam "Baden-Baden (W)"]
[WhiteTeamCountry "GER"]
[BlackTeamCountry "GER"]

1. e4 e5 2. Nf3 Nc6 3. Bb5 a6 4. Ba4 d6 5. c3 g6 6. 0-0 Bg7 7. d4 b5 8. Bc2 exd4 9. Nxd4 Nge7 10. Nxc6 Nxc6 11. f4 0-0 12. f5 Ne5 13. Nd2 Bb7 14. Nf3 Qe7 15. Nxe5 Qxe5 16. Qg4 Rae8 17. fxg6 hxg6 18. Re1 d5 19. Bf4 Qe7 20. e5 b4 21. Qg3 Qc5+ 22. Kh1 Re6 23. h4 bxc3 24. bxc3 d4 25. Bb3 dxc3 26. Bxe6 fxe6 27. Rf1 c2 28. Rac1 Be4 29. Rfe1 Qc4 30. Rg1 Rxf4 0-1